Birds of Prey - Statistics

General Stats
  • This quiz has been taken 2,138 times
  • The average score is 11 of 22
Answer Stats
Bird of Prey Hint % Correct
F{alcon} used by humans for hunting
95%
O{wl} hunts at night
93%
E{agle} nests on cliffs
92%
V{ulture} eats carrion; has a featherless head
92%
H{awk} strong wings; symbol of aggression
88%
C{ondor} largest flying land bird in America
76%
O{sprey} fish-eating; has arched wings
76%
K{ite} glides; has a long tail
67%
P{eregrine} the fastest of all animals
61%
B{uzzard} mainly eats carrion
60%
K{estrel} hovers in place and then swoops down
59%
G{os}h{awk} hunts other birds of prey
43%
H{arrier} flies low; hunts small mammals
42%
S{ecretary}b{ird} stomps snakes with its long legs
35%
S{parrow}h{awk} ambushes small birds
32%
G{yr}f{alcon} large; national symbol of Iceland
28%
M{erlin} flies low; hunts birds
28%
H{obby} small and agile; catches prey in midair
18%
C{aracara} Latin-American carrion-eater
17%
L{ammer}g{eier} drops bones to break them open
17%
F{alconet} smallest bird of prey
15%
B{aza} dives down from treetops
4%
No matching quizzes found
Score Distribution
Percent of People with Each Score
Percentile by Number Answered
Your Score History
You have not taken this quiz